Islam di Filipina

Bibliographic Details
Main Authors: Majul, Cesar Adib (Author), Shamsuddin Jaapar (Author)
Format: Book
Published: Kuala Lumpur : Dewan Bahasa dan Pustaka , 1988
Subjects:

MARC

LEADER 00000cam a2200000 7i4500
001 0000006274
005 20070626093000.0
020 |a 983620105X 
090 0 0 |a BP63.P4   |b M313 
100 0 |a Majul, Cesar Adib ,   |e author 
240 0 0 |a Muslim in the Philippines   |l Bahasa Malaysia 
245 0 0 |a Islam di Filipina   |c Cesar Adib Majul   |f terjemahan Shamsuddin Jaapar 
260 2 |a Kuala Lumpur :   |b Dewan Bahasa dan Pustaka ,   |c 1988 
300 |a xviii, 560 ms ;   |c 21 sm. 
500 |a Mengandungi indeks 
504 |a Bibliografi: ms. 534-553 
650 0 |a Islam   |z Philippines   |x History 
650 0 |a Muslims   |z Non-Muslim countries 
650 0 |a Muslims   |z Philippines 
700 0 |a Shamsuddin Jaapar ,   |e author 
999 |a 1000001554   |b Book   |c OPEN SHELF (30 DAYS)   |e Gong Badak Campus